000 00199 a2200097 4500
020 _a087577919393
041 _aspa
100 _aRobinson, Hilary
245 _ael cocodrilo junto a la roca
942 _cBK
999 _c8468
_d8468